Catalog

Record Details

Catalog Search



Devils within  Cover Image Book Book

Devils within / S.F. Henson.

Summary:

Nate was eight the first time he stabbed someone; he was eleven when he earned his red laces—a prize for spilling blood for “the cause.” And he was fourteen when he murdered his father (and the leader of The Fort, a notorious white supremacist compound) in self-defense, landing in a treatment center while the state searched for his next of kin. Now, in the custody of an uncle he never knew existed, who wants nothing to do with him, Nate just wants to disappear. Enrolled in a new school under a false name, so no one from The Fort can find him, he struggles to forge a new life, trying to learn how to navigate a world where people of different races interact without enmity. But he can’t stop awful thoughts from popping into his head, or help the way he shivers with a desire to commit violence. He wants to be different—he just doesn’t know where to start. Then he meets Brandon, a person The Fort conditioned Nate to despise on sight. But Brandon’s also the first person to treat him like a human instead of a monster. Brandon could never understand Nate’s dark past, so Nate keeps quiet. And it works for a while. But all too soon, Nate’s worlds crash together, and he must decide between his own survival and standing for what’s right, even if it isn’t easy. Even if society will never be able to forgive him for his sins.

Record details

  • ISBN: 9781510714564
  • ISBN: 1510714561
  • Physical Description: 395 pages ; 22 cm.
  • Edition: First edition.
  • Publisher: New York : Sky Pony Press, ©2017.

Content descriptions

Target Audience Note:
Young Adult.
Awards Note:
William C. Morris YA Debut Award Nominee (2018),
Lincoln Award Nominee (2021),
Alabama Author Award for Young Adult (2019)
Subject: Teenage boys > Juvenile fiction.
High schools > Juvenile fiction.
Race relations
White supremacy movements > Juvenile fiction.
United States > Race relations > Juvenile fiction.
Genre: Social problem fiction.
Novels.
Psychological fiction.

Available copies

  • 1 of 1 copy available at scottsboropl.

Holds

  • 0 current holds with 1 total copy.
Show Only Available Copies
Location Call Number / Copy Notes Barcode Shelving Location Status Due Date
scottsboropl YA Hen 32269001078008 Young Adult - Fiction Available -

LDR 02074nam a2200433Ii 4500
001148317
003SBPL
00520180904075038.0
008160803s2017 nyu d 000 f eng d
010 . ‡a 2017950091
020 . ‡a9781510714564 ‡q(hardcover)
020 . ‡a1510714561 ‡q(hardcover)
035 . ‡a(CONS)148317
035 . ‡a(CPomAG)LMN608143
050 4. ‡aPZ7.1.H465 ‡bDev 2017
08204. ‡a813/.6 ‡223
1001 . ‡aHenson, S. F. ‡q(Sarah F.),: ‡eauthor.
24510. ‡aDevils within / ‡cS.F. Henson.
250 . ‡aFirst edition.
264 1. ‡aNew York : ‡bSky Pony Press, ‡c©2017.
300 . ‡a395 pages ; ‡c22 cm.
336 . ‡atext ‡btxt ‡2rdacontent
337 . ‡aunmediated ‡bn ‡2rdamedia
338 . ‡avolume ‡bnc ‡2rdacarrier
520 . ‡aNate was eight the first time he stabbed someone; he was eleven when he earned his red laces—a prize for spilling blood for “the cause.” And he was fourteen when he murdered his father (and the leader of The Fort, a notorious white supremacist compound) in self-defense, landing in a treatment center while the state searched for his next of kin. Now, in the custody of an uncle he never knew existed, who wants nothing to do with him, Nate just wants to disappear. Enrolled in a new school under a false name, so no one from The Fort can find him, he struggles to forge a new life, trying to learn how to navigate a world where people of different races interact without enmity. But he can’t stop awful thoughts from popping into his head, or help the way he shivers with a desire to commit violence. He wants to be different—he just doesn’t know where to start. Then he meets Brandon, a person The Fort conditioned Nate to despise on sight. But Brandon’s also the first person to treat him like a human instead of a monster. Brandon could never understand Nate’s dark past, so Nate keeps quiet. And it works for a while. But all too soon, Nate’s worlds crash together, and he must decide between his own survival and standing for what’s right, even if it isn’t easy. Even if society will never be able to forgive him for his sins.
521 . ‡aYoung Adult.
586 . ‡aWilliam C. Morris YA Debut Award Nominee (2018),
586 . ‡aLincoln Award Nominee (2021),
586 . ‡aAlabama Author Award for Young Adult (2019)
650 0. ‡aTeenage boys ‡vJuvenile fiction.
650 0. ‡aHigh schools ‡vJuvenile fiction.
650 0. ‡aRace relations
650 0. ‡aWhite supremacy movements ‡vJuvenile fiction.
651 0. ‡aUnited States ‡xRace relations ‡vJuvenile fiction.
655 7. ‡aSocial problem fiction. ‡2lcgft
655 7. ‡aNovels. ‡2lcgft
655 7. ‡aPsychological fiction. ‡2lcgft
7001 . ‡aYuen, Sammi, ‡cJr., ‡d1973-: ‡eillustrator.
901 . ‡a148317 ‡bUnknown ‡c148317 ‡tbiblio

Additional Resources